000 00679cam a2200169 i 4500
001 ob2008000562
005 20191205121538.0
008 080520s1979 pl ||||| |00||||pol||
040 _aOlszt 008/MH
_cOlszt 008/MH
041 1 _apol
245 0 0 _aBibliografia historii Elbląga i regionu za lata 1974-1976 :
_bwraz z uzupełnieniami z lat wcześniejszych /
_coprac. Teresa Sierzuputowska-Sobierajska.
260 _aWarszawa
_aPoznań
_aToruń :
_bPaństwowe Wydawnictwo Naukowe,
_c1979.
300 _aS. [472]-478 ;
_c24 cm.
500 _aNadb. z : Rocznik Elbląski, T. 8 (1979).
690 _aElbląg (Polska ; powiat elbląski).
700 1 _aSierzputowska-Sobierajska, Teresa.
999 0 0 _a270
_c169
_d169